000 00780cam a22002533a 4500
001 10818
003 PGUSA
005 20140828083229.0
008 040101s2004||||xxu|||||s|||||000 | eng d
040 _aPGUSA
_beng
042 _adc
050 4 _aSK
100 1 _aInglis, James,
_d1845-1908
245 1 0 _aSport and Work on the Nepaul Frontier :
_bTwelve Years Sporting Reminiscences of an Indigo Planter
_h[electronic resource] /
_cJames Inglis
260 _bProject Gutenberg,
_c2004
506 _aPublic domain in the USA.
516 _aElectronic text
653 _aHunting -- Nepal
653 _aHunting -- India -- Bihar
653 _aInglis, James, 1845-1908
830 0 _aProject Gutenberg
_v10818
856 4 0 _uhttp://www.gutenberg.org/ebooks/10818
942 _cEB
999 _c240073
_d240073